<?xml version="1.0" encoding="UTF-8"?>
<record
    xmlns:xsi="http://www.w3.org/2001/XMLSchema-instance"
    xsi:schemaLocation="http://www.loc.gov/MARC21/slim http://www.loc.gov/standards/marcxml/schema/MARC21slim.xsd"
    xmlns="http://www.loc.gov/MARC21/slim">

  <leader>02974nam a2200541Ia 4500</leader>
  <controlfield tag="001">884</controlfield>
  <controlfield tag="008">241029s9999    xx            000 0 und d</controlfield>
  <datafield tag="010" ind1=" " ind2=" ">
    <subfield code="a">806</subfield>
  </datafield>
  <datafield tag="041" ind1=" " ind2=" ">
    <subfield code="a">Espa&#xF1;ol</subfield>
  </datafield>
  <datafield tag="082" ind1=" " ind2=" ">
    <subfield code="a">F.C.E MA 2010  108</subfield>
  </datafield>
  <datafield tag="245" ind1=" " ind2="0">
    <subfield code="a">Percepci&#xF3;n de los docentes de la Escuela de Pedagog&#xED;a de la Universidad Aut&#xF3;noma de Santo Domingo (UASD) que laboran en el Centro Universitario Regional del Nordeste ( CURNE), sobre el uso de recursos tecnol&#xF3;gicos en el desarrollo de la docencia. Semestre acad&#xE9;mico 2008-1</subfield>
  </datafield>
  <datafield tag="260" ind1=" " ind2=" ">
    <subfield code="a">Santo Domingo</subfield>
  </datafield>
  <datafield tag="300" ind1=" " ind2=" ">
    <subfield code="a">77</subfield>
  </datafield>
  <datafield tag="520" ind1=" " ind2=" ">
    <subfield code="a">37</subfield>
  </datafield>
  <datafield tag="630" ind1=" " ind2=" ">
    <subfield code="a">Pedagog&#xED;a</subfield>
  </datafield>
  <datafield tag="630" ind1=" " ind2=" ">
    <subfield code="a">Percepci&#xF3;n Docente</subfield>
  </datafield>
  <datafield tag="630" ind1=" " ind2=" ">
    <subfield code="a">Recursos Tecnol&#xF3;gicos</subfield>
  </datafield>
  <datafield tag="650" ind1=" " ind2=" ">
    <subfield code="a">Tecnolog&#xED;a Educativa</subfield>
  </datafield>
  <datafield tag="690" ind1=" " ind2=" ">
    <subfield code="a">Elaborado</subfield>
  </datafield>
  <datafield tag="700" ind1=" " ind2=" ">
    <subfield code="e">asesor</subfield>
    <subfield code="a">Arias, Rafael</subfield>
  </datafield>
  <datafield tag="700" ind1=" " ind2=" ">
    <subfield code="e">autor</subfield>
    <subfield code="a">Contreras Mart&#xED;nez , Luis Erasmos </subfield>
  </datafield>
  <datafield tag="901" ind1=" " ind2=" ">
    <subfield code="a">{"1":"Contreras Mart&#xED;nez "}</subfield>
    <subfield code="b">{"1":"Luis Erasmos "}</subfield>
  </datafield>
  <datafield tag="902" ind1=" " ind2=" ">
    <subfield code="a">1</subfield>
  </datafield>
  <datafield tag="903" ind1=" " ind2=" ">
    <subfield code="a">{"1":"Arias"}</subfield>
    <subfield code="b">{"1":"Rafael"}</subfield>
  </datafield>
  <datafield tag="904" ind1=" " ind2=" ">
    <subfield code="a">Maestr&#xED;a en</subfield>
  </datafield>
  <datafield tag="905" ind1=" " ind2=" ">
    <subfield code="a">Tecnolog&#xED;a Educativa</subfield>
  </datafield>
  <datafield tag="906" ind1=" " ind2=" ">
    <subfield code="a">2</subfield>
  </datafield>
  <datafield tag="907" ind1=" " ind2=" ">
    <subfield code="a">NO APLICA</subfield>
  </datafield>
  <datafield tag="908" ind1=" " ind2=" ">
    <subfield code="a">NO APLICA</subfield>
  </datafield>
  <datafield tag="909" ind1=" " ind2=" ">
    <subfield code="a">Universidad Aut&#xF3;noma de Santo Domingo (UASD)</subfield>
  </datafield>
  <datafield tag="910" ind1=" " ind2=" ">
    <subfield code="a">NULL</subfield>
    <subfield code="b">NULL</subfield>
  </datafield>
  <datafield tag="911" ind1=" " ind2=" ">
    <subfield code="a">["1"]</subfield>
  </datafield>
  <datafield tag="912" ind1=" " ind2=" ">
    <subfield code="a">NO APLICA</subfield>
  </datafield>
  <datafield tag="913" ind1=" " ind2=" ">
    <subfield code="a">NULL</subfield>
  </datafield>
  <datafield tag="914" ind1=" " ind2=" ">
    <subfield code="a">01 de Marzo de 2010</subfield>
  </datafield>
  <datafield tag="915" ind1=" " ind2=" ">
    <subfield code="a">26/09/14 03:09</subfield>
  </datafield>
  <datafield tag="916" ind1=" " ind2=" ">
    <subfield code="a">NULL</subfield>
  </datafield>
  <datafield tag="917" ind1=" " ind2=" ">
    <subfield code="a">NULL</subfield>
  </datafield>
  <datafield tag="918" ind1=" " ind2=" ">
    <subfield code="a">NO APLICA</subfield>
  </datafield>
  <datafield tag="919" ind1=" " ind2=" ">
    <subfield code="a">["153","155","218"]</subfield>
  </datafield>
  <datafield tag="520" ind1=" " ind2=" ">
    <subfield code="a">El principal prop&#xF3;sito de este estudio consisti&#xF3; en determinar cu&#xE1;l es la percepci&#xF3;n de los docentes de la escuela de pedagog&#xED;a de la universidad aut&#xF3;noma de santo domingo que laboran en el centro universitario Regional Nordeste (CURNE) , sobre el uso de los recursos tecnol&#xF3;gicos en el proceso educativo. Se utiliz&#xF3; como m&#xE9;todo la elaboraci&#xF3;n de un cuestionario para ser aplicado a los docentes que laboran en el centro y como t&#xE9;cnica el an&#xE1;lisis bibliogr&#xE1;fico, an&#xE1;lisis documental y entrevista expertos. El universo objeto de estudio estaba compuesto por 38 profesores del centro, de los cuales se tomaron 23 maestros que accedieron a llenar el cuestionario de manera voluntaria y por cada maestro se tomaron 15 estudiantes, lo que sumo 235 estudiantes.&#xA0;Culminada la investigaci&#xF3;n se arribaron a las siguientes conclusiones: los maestros expresan que las desventajas de los recursos tecnol&#xF3;gicos como el uso restringido de estos, alto costos de los mismo y el tiempo a la preparaci&#xF3;n de los mismo hacen que los mismos sean utilizados en la menor medida por estos, aunque valoran como positiva la importancia de estos por la eficiencia y eficacia que se logra al utilizarlos.Los investigadores recomendaron que se debe condicionar una unidad de recursos tecnol&#xF3;gicos para auxiliar a los docentes en el uso de estos y que se debe preparar a los docentes para el uso y manejo de estos recursos.&#xA0;</subfield>
  </datafield>
  <datafield tag="921" ind1=" " ind2=" ">
    <subfield code="a">2</subfield>
  </datafield>
  <datafield tag="922" ind1=" " ind2=" ">
    <subfield code="a">2</subfield>
  </datafield>
  <datafield tag="923" ind1=" " ind2=" ">
    <subfield code="a">0</subfield>
  </datafield>
  <datafield tag="924" ind1=" " ind2=" ">
    <subfield code="a">NO APLICA</subfield>
  </datafield>
  <datafield tag="942" ind1=" " ind2=" ">
    <subfield code="c">Tesis</subfield>
  </datafield>
  <datafield tag="999" ind1=" " ind2=" ">
    <subfield code="c">806</subfield>
    <subfield code="d">806</subfield>
  </datafield>
</record>
